[Event "Cannes Martinez Open"]
[Site "Cannes FRA"]
[Date "1995.??.??"]
[Round "5"]
[White "Lupu, Mircea-Sergiu"]
[Black "Goldgewicht, Lionel"]
[Result "1-0"]
[WhiteElo "2475"]
[BlackElo "2305"]
[PlyCount "61"]
[EventDate "1995.07.??"]
[Source "www.chesslib.no"]
[SourceDate "2004.05.04"]

1. b3 e6 2. Bb2 d5 3. e3 Nf6 4. f4 Be7 5. Nf3 O-O 6. Be2 c5 7. O-O Nc6 8. Qe1 Qc7 9. c4 d4 10. Na3 Rd8 11. Kh1 a6 12. exd4 cxd4 13. Bd3 b6 14. Nc2 Bb7 15. Ne5 Bc5 16. Qe2 a5 17. a3 Rac8 18. Rae1 Ba8 19. Qf3 Qd6 20. Qg3 Ne7 21. Qh3 Ng6 22. b4 axb4 23. axb4 Bxb4 24. Nxf7 Kxf7 25. Nxb4 Rc5 26. Nc2 Rh5 27. Qg3 Nh4 28. Rf2 Nf5 29. Bxf5 exf5 30. Ba3 Qc6 31. Re7+ 1-0

[Event "ch"]
[Site "ch Fortaleza"]
[Date "1979.??.??"]
[Round "7"]
[White "Segal, Alexandru Sorin"]
[Black "Sunye Neto, Jaime"]
[Result "0-1"]
[WhiteElo "2400"]
[BlackElo "2375"]
[PlyCount "130"]
[EventDate "1979.??.??"]
[Source "www.chesslib.no"]
[SourceDate "2004.05.04"]

1. b3 d6 2. Bb2 Nf6 3. g3 g6 4. Bg2 Bg7 5. c4 e5 6. Nc3 O-O 7. e3 c6 8. Nge2 Re8 9. O-O Na6 10. d3 Be6 11. Qd2 Qd7 12. Rfd1 Bh3 13. Bh1 Rad8 14. Ne4 Qe7 15. Nxf6+ Bxf6 16. a4 Bg4 17. Re1 Nc5 18. Nc1 e4 19. Bxf6 Qxf6 20. d4 Bf3 21. Ra2 Bxh1 22. Kxh1 Ne6 23. Qe2 Ng5 24. Qf1 Nf3 25. Rd1 c5 26. Ne2 d5 27. dxc5 dxc4 28. bxc4 Rxd1 29. Qxd1 Rd8 30. Qf1 g5 31. h3 Qe6 32. Nc3 Rd3 33. Rc2 Qxc4 34. Rc1 Nd2 35. Nb1 Qxa4 36. Nxd2 Rxd2 37. Kg2 Qb3 38. Qe1 Qd5 39. Ra1 Qd3 40. Rc1 a5 41. c6 bxc6 42. Rxc6 Rd1 43. Rc8+ Kg7 44. Qc3+ Qxc3 45. Rxc3 Rd5 46. Rc4 Re5 47. g4 h5 48. gxh5 Kh6 49. Rc7 f5 50. Rc6+ Kxh5 51. Kg3 Rd5 52. Ra6 Rb5 53. Kg2 f4 54. exf4 gxf4 55. Re6 Rb4 56. Re5+ Kh4 57. Rxa5 f3+ 58. Kg1 Rb1+ 59. Kh2 e3 60. Ra4+ Kh5 61. Ra5+ Kg6 62. Ra6+ Kf7 63. Ra3 e2 64. Rxf3+ Kg6 65. Rg3+ Kh7 0-1

[Event "Pardubice Czech op"]
[Site "Pardubice"]
[Date "2001.07.25"]
[Round "6"]
[White "Zurek, Milan"]
[Black "Maiorov, Nikita"]
[Result "1/2-1/2"]
[WhiteElo "2443"]
[BlackElo "2326"]
[PlyCount "53"]
[EventDate "2001.07.20"]
[Source "ChessBase"]
[SourceDate "2001.09.11"]

1. b3 d6 2. Bb2 Nd7 3. e3 Ngf6 4. Nf3 g6 5. d4 Bg7 6. c4 O-O 7. Nc3 e5 8. Be2 Re8 9. O-O e4 10. Nd2 h5 11. Qc2 Qe7 12. Rae1 Nf8 13. f3 exf3 14. Bxf3 c6 15. e4 Ng4 16. Qd3 Ne6 17. Nd5 Qg5 18. Bxg4 hxg4 19. Ne3 c5 20. e5 Nxd4 21. Bxd4 cxd4 22. Ne4 Qd8 23. Nd5 Rxe5 24. Nef6+ Kf8 25. Nh7+ Kg8 26. Nhf6+ Kf8 27. Nh7+ 1/2-1/2

[Event "Solin"]
[Site "Solingen GER"]
[Date "1993.??.??"]
[Round "?"]
[White "Sale, Srdjan"]
[Black "Mestrovic, Zvonimir"]
[Result "1/2-1/2"]
[WhiteElo "2350"]
[BlackElo "2415"]
[PlyCount "90"]
[EventDate "1993.??.??"]
[Source "www.chesslib.no"]
[SourceDate "2004.05.04"]

1. b3 Nc6 2. Bb2 e5 3. e3 d6 4. Nf3 Be7 5. c4 e4 6. Nd4 Nxd4 7. Bxd4 Nf6 8. Nc3 O-O 9. Qc2 Bf5 10. Be2 c5 11. Bxf6 Bxf6 12. Rd1 Bxc3 13. Qxc3 d5 14. Qe5 Be6 15. O-O Re8 16. Qb2 d4 17. exd4 cxd4 18. d3 e3 19. fxe3 dxe3 20. Rf3 Bd7 21. Re1 Qb6 22. Qc3 Qh6 23. Qd4 Bc6 24. Rh3 Qg5 25. Rg3 Qh6 26. Bf1 e2 27. Rxe2 Rxe2 28. Bxe2 Re8 29. Bf1 a5 30. Qc3 f5 31. d4 f4 32. Rh3 Qd6 33. Rd3 Be4 34. Rd2 Qg6 35. d5 f3 36. g3 h5 37. Qd4 h4 38. Qf2 Re5 39. d6 hxg3 40. hxg3 Re8 41. c5 Bc6 42. Qh2 Re1 43. Qf2 Rxf1+ 44. Kxf1 Bb5+ 45. Kg1 Qb1+ 1/2-1/2

[Event "Osijek"]
[Site "Osijek"]
[Date "1993.??.??"]
[Round "2"]
[White "Sale, Srdjan"]
[Black "Misanovic, Vesna"]
[Result "1-0"]
[WhiteElo "2405"]
[BlackElo "2360"]
[PlyCount "129"]
[EventDate "1993.11.??"]
[Source "ChessBase"]

1. b3 d6 2. Bb2 Nd7 3. d4 Ngf6 4. Nf3 g6 5. g3 Bg7 6. Bg2 O-O 7. O-O e5 8. dxe5 Ng4 9. Qd2 Re8 10. c4 Ngxe5 11. Nxe5 dxe5 12. Nc3 Nc5 13. Rfd1 Qxd2 14. Rxd2 c6 15. b4 Ne6 16. b5 cxb5 17. cxb5 f5 18. Nd5 e4 19. Nf6+ Bxf6 20. Bxf6 Kf7 21. Bb2 b6 22. f3 Nc5 23. Bd4 Bb7 24. Rc1 Rad8 25. Rdd1 Ne6 26. Be3 exf3 27. exf3 Rxd1+ 28. Rxd1 Nc5 29. Kf2 Re7 30. Bf1 Bc8 31. Rd8 Be6 32. Rh8 Bxa2 33. Rxh7+ Kf8 34. Rh8+ Kf7 35. Bxc5 bxc5 36. Rc8 Rd7 37. Rxc5 Rd2+ 38. Ke3 Rxh2 39. Rc7+ Kf6 40. Rxa7 g5 41. Bd3 Rb2 42. Kd4 Be6 43. Ra6 Ke7 44. Ke5 Bd7 45. Rg6 Rb3 46. Rg7+ Kd8 47. Bc4 Rb4 48. Kd6 Rxc4 49. Rxd7+ Kc8 50. Rf7 f4 51. gxf4 gxf4 52. Ke5 Rc5+ 53. Kd6 Rc4 54. b6 Rb4 55. b7+ Kb8 56. Ke5 Ra4 57. Rxf4 Ra5+ 58. Kf6 Kxb7 59. Rc4 Ra6+ 60. Kf7 Kb6 61. f4 Kb5 62. Rc1 Ra2 63. f5 Rf2 64. f6 Kb6 65. Re1 1-0

[Event "URS Ch U26"]
[Site "Kherson UKR"]
[Date "1991.??.??"]
[Round "?"]
[White "Ibragimov, Ildar"]
[Black "Brodsky, Michail"]
[Result "1-0"]
[WhiteElo "2455"]
[BlackElo "2310"]
[PlyCount "111"]
[EventDate "1991.??.??"]
[Source "www.chesslib.no"]
[SourceDate "2004.05.04"]

1. b3 d6 2. Bb2 e5 3. g3 Nf6 4. Bg2 g6 5. d4 Bg7 6. dxe5 Ng4 7. Qc1 Bxe5 8. Nf3 Bxb2 9. Qxb2 O-O 10. O-O Qf6 11. Qxf6 Nxf6 12. c4 Bd7 13. Nc3 Bc6 14. Rac1 Na6 15. a3 Nc5 16. b4 Ne6 17. Rfd1 Kg7 18. Nd5 Rfd8 19. Bh3 Ne8 20. Nd4 Bd7 21. Nb3 Kf8 22. Rd3 c6 23. Nc3 b6 24. Bg2 Rab8 25. Rcd1 Ke7 26. a4 f5 27. f4 Rbc8 28. e4 N6g7 29. exf5 Bxf5 30. Re3+ Kf8 31. Nd4 Bd7 32. b5 c5 33. Nb3 Nf5 34. Ree1 Nf6 35. Nd5 Nxd5 36. Bxd5 Re8 37. Kf2 Rxe1 38. Rxe1 Ne7 39. Bf3 Rd8 40. Nd2 Be8 41. Ne4 Bf7 42. Nf6 Bxc4 43. Nxh7+ Kg7 44. Ng5 Kf6 45. g4 Bg8 46. Ne4+ Kf7 47. g5 Kf8 48. Nf6 Bb3 49. h4 Bxa4 50. h5 Bxb5 51. hxg6 Nxg6 52. f5 Nh4 53. Nh7+ Kg8 54. Bd5+ Kxh7 55. Re7+ Kh8 56. g6 1-0

[Event "Genova op-5"]
[Site "Genova"]
[Date "2001.08.09"]
[Round "6"]
[White "Popchev, Milko"]
[Black "Corvi, Marco"]
[Result "1-0"]
[WhiteElo "2447"]
[BlackElo "2318"]
[PlyCount "69"]
[EventDate "2001.08.05"]
[Source "www.chesslib.no"]
[SourceDate "2004.05.04"]

1. c4 e5 2. b3 Nc6 3. Bb2 Nf6 4. e3 d5 5. cxd5 Nxd5 6. a3 Be7 7. Qc2 O-O 8. Nf3 Bf6 9. d3 Re8 10. Nbd2 g6 11. Be2 Bg7 12. O-O g5 13. g3 g4 14. Nh4 f5 15. Rfe1 f4 16. Bf1 Bf6 17. e4 Nde7 18. Qc4+ Kg7 19. Ng2 Ng6 20. d4 f3 21. Ne3 exd4 22. Nd5 Be6 23. Qb5 Bxd5 24. Qxb7 Be5 25. exd5 Nce7 26. Nc4 Rb8 27. Qxa7 Ra8 28. Qc5 Qxd5 29. Qxd5 Nxd5 30. Nxe5 Nxe5 31. Bxd4 Kf6 32. Bc4 Nb6 33. Re4 Nbxc4 34. bxc4 Rad8 35. Rae1 1-0

[Event "Las Palmas Open"]
[Site "Las Palmas ESP"]
[Date "1989.??.??"]
[Round "?"]
[White "Dominguez Sanz, Juan Pedro"]
[Black "Illescas Cordoba, Miguel"]
[Result "0-1"]
[WhiteElo "2235"]
[BlackElo "2525"]
[PlyCount "70"]
[EventDate "1989.05.??"]
[Source "www.chesslib.no"]
[SourceDate "2004.05.04"]

1. b3 g6 2. Bb2 Nf6 3. e3 Bg7 4. f4 O-O 5. c4 d6 6. Nf3 e5 7. fxe5 Ng4 8. Be2 dxe5 9. O-O Nc6 10. g3 e4 11. Bxg7 Kxg7 12. Nh4 Nce5 13. Nc3 f5 14. Qc2 Nf6 15. Qb2 Qe7 16. Rad1 Rd8 17. Ng2 b6 18. Nf4 Bb7 19. Ncd5 Nxd5 20. cxd5 Bxd5 21. Bc4 Bxc4 22. bxc4 Qf6 23. Kg2 c6 24. h4 Rd7 25. h5 Nxc4 26. h6+ Kf7 27. Qb3 b5 28. d4 exd3 29. Nxd3 Rad8 30. e4 Kf8 31. Rfe1 fxe4 32. Rxe4 Kg8 33. Rf4 Qe6 34. Re1 Qd5+ 35. Rf3 Qxf3+ 0-1

[Event "Hotel Opatija 10th"]
[Site "?"]
[Date "2001.??.??"]
[Round "11"]
[White "Lovric Branko"]
[Black "Kos Toni"]
[Result "0-1"]
[WhiteElo "2357"]
[BlackElo "2402"]
[PlyCount "84"]
[EventDate "2001.??.??"]
[Source "www.chesslib.no"]
[SourceDate "2004.05.04"]

1. b3 Nc6 2. Bb2 e5 3. Nf3 d6 4. d4 exd4 5. Nxd4 Bd7 6. c4 Nf6 7. Nc3 g6 8. g3 Bg7 9. Bg2 O-O 10. O-O Re8 11. Rc1 Nxd4 12. Qxd4 Ne4 13. Qd1 Nxc3 14. Bxc3 Bc6 15. Bd5 Qd7 16. e3 Bxc3 17. Rxc3 a5 18. Qf3 Ra6 19. Rd1 Bxd5 20. cxd5 Rc8 21. Qf6 c5 22. dxc6 Rcxc6 23. Rcd3 Qe6 24. Qd8+ Kg7 25. Rd4 a4 26. bxa4 Qxa2 27. Re4 Qe2 28. Rf1 Rc5 29. Re8 Rac6 30. Rg8+ Kh6 31. Qh4+ Qh5 32. Qf4+ Qg5 33. Qxf7 Qe5 34. Re8 Qf5 35. Qxb7 Rc1 36. Rxc1 Rxc1+ 37. Kg2 Qd3 38. Qb5 Qd1 39. Kh3 Rc5 40. Qd7 Qf1+ 41. Kg4 Rg5+ 42. Kh4 Qxf2 0-1

[Event "Baerum"]
[Site "Baerum"]
[Date "1980.??.??"]
[Round "8"]
[White "Heiberg, Thomas"]
[Black "Mariotti, Sergio"]
[Result "0-1"]
[WhiteElo "2250"]
[BlackElo "2500"]
[PlyCount "102"]
[EventDate "1980.08.??"]
[Source "ChessBase"]

1. c4 e5 2. b3 Nc6 3. Bb2 Nf6 4. e3 Be7 5. Nf3 e4 6. Ng1 O-O 7. Nc3 d5 8. cxd5 Nb4 9. a3 Nbxd5 10. Nge2 Bf5 11. Ng3 Bg6 12. Be2 c6 13. O-O Re8 14. Rc1 Bd6 15. b4 Nb6 16. Qc2 h5 17. Rfd1 Ng4 18. Bxg4 hxg4 19. Na4 Nxa4 20. Qxa4 Qg5 21. Qb3 Rad8 22. Bd4 a6 23. a4 Kh7 24. Qb2 f6 25. Bc5 Be5 26. Bd4 Bd6 27. Bc5 Bc7 28. Bd4 Rd5 29. Rc5 Bd6 30. Rxd5 Qxd5 31. Rc1 Rd8 32. Rb1 Bc7 33. Rd1 Bd6 34. Rb1 Be7 35. Rc1 Rd7 36. Ne2 Bf5 37. Nf4 Qf7 38. b5 cxb5 39. axb5 a5 40. Bb6 Bb4 41. Bd4 Qe7 42. Rc4 Qf7 43. Rc2 Bd6 44. Ne2 Be6 45. Bc5 Be5 46. Bd4 Bc4 47. Bxe5 Bxe2 48. Bd4 Rd5 49. b6 Rb5 50. Qc1 Bd3 51. Rb2 Rf5 0-1

[Event "Open"]
[Site "Sevilla op"]
[Date "1993.??.??"]
[Round "7"]
[White "Gonzalez, G."]
[Black "Sanz Alonso, Francisco J"]
[Result "1/2-1/2"]
[WhiteElo "2330"]
[BlackElo "2420"]
[PlyCount "67"]
[EventDate "1993.??.??"]
[Source "www.chesslib.no"]
[SourceDate "2004.05.04"]

1. c4 e5 2. b3 Nf6 3. Bb2 Nc6 4. a3 d5 5. cxd5 Nxd5 6. e3 Bd6 7. Qc2 f5 8. d3 O-O 9. Nf3 Kh8 10. b4 Qe7 11. Nbd2 Bd7 12. Nc4 b5 13. Nxd6 cxd6 14. Be2 Rfc8 15. Qd2 a5 16. bxa5 Nxa5 17. Bd1 Be6 18. O-O Nb6 19. Rc1 Rxc1 20. Qxc1 Na4 21. Qd2 Nc5 22. Bc2 Bd5 23. Qe2 Qb7 24. Rb1 Nab3 25. Bxb3 Nxb3 26. Rd1 Ra4 27. Ne1 Rh4 28. f3 Ra4 29. Nc2 Ra8 30. e4 Qb6+ 31. Qe3 Qxe3+ 32. Nxe3 Be6 33. exf5 Bf7 34. Nc2 1/2-1/2

[Event "Vicente Lopez Open"]
[Site "Vicente Lopez"]
[Date "1993.??.??"]
[Round "5"]
[White "Quinteros, Miguel A"]
[Black "Rivero, Jose Luis"]
[Result "1-0"]
[WhiteElo "2505"]
[BlackElo "2230"]
[PlyCount "77"]
[EventDate "1993.??.??"]
[Source "www.chesslib.no"]
[SourceDate "2004.05.04"]

1. c4 Nf6 2. b3 e5 3. Bb2 Nc6 4. e3 Be7 5. a3 a5 6. Qc2 O-O 7. Nf3 d6 8. Nc3 Re8 9. Be2 Bf8 10. O-O g6 11. d3 Bg7 12. Nd2 Bg4 13. Nde4 Bxe2 14. Qxe2 Nd7 15. Nd5 f5 16. Nec3 Ne7 17. Nxe7+ Rxe7 18. b4 c6 19. b5 Nc5 20. a4 Qd7 21. Ba3 Ne6 22. Rab1 Rf8 23. bxc6 bxc6 24. Rb6 e4 25. Qc2 Ng5 26. Ne2 Nf3+ 27. Kh1 Nh4 28. Ng3 exd3 29. Qxd3 f4 30. exf4 Re6 31. Ne4 Qc7 32. Rb3 Nf5 33. Bb2 Rfe8 34. f3 Bxb2 35. Rxb2 c5 36. Qd5 Ne3 37. Nf6+ Kf8 38. Nxe8 Qe7 39. Qa8 1-0

[Event "NRW-Liga I 9495"]
[Site "GER"]
[Date "1995.??.??"]
[Round "?"]
[White "Franke, Heribert"]
[Black "Hubert, Ralf"]
[Result "0-1"]
[WhiteElo "2370"]
[BlackElo "2355"]
[PlyCount "68"]
[EventDate "1994.??.??"]
[Source "www.chesslib.no"]
[SourceDate "2004.05.04"]

1. b3 a5 2. Bb2 a4 3. b4 Nf6 4. a3 c5 5. bxc5 e6 6. e3 Bxc5 7. Nf3 Nc6 8. d4 Be7 9. c4 d5 10. Nc3 O-O 11. Bd3 dxc4 12. Bxc4 Na5 13. Qxa4 Nxc4 14. Qxc4 b5 15. Nxb5 Qa5+ 16. Bc3 Qa4 17. Qxa4 Rxa4 18. Bb2 Ba6 19. Nc3 Ra5 20. Ne5 Rc8 21. Kd2 Bd6 22. Nd3 Rg5 23. Nb4 Bb7 24. Kd3 Rxg2 25. Rhf1 Rxh2 26. e4 Bf4 27. Bc1 Rh3+ 28. f3 Nh5 29. Ne2 Bd6 30. Be3 f5 31. Rh1 Rxf3 32. Rxh5 Bxe4+ 33. Kd2 Bxb4+ 34. axb4 Rc2+ 0-1

[Event "Solett Open, Skelleftea SWE"]
[Site "?"]
[Date "2001.??.??"]
[Round "4"]
[White "Lucena, L."]
[Black "Berg, E."]
[Result "0-1"]
[WhiteElo "2245"]
[BlackElo "2470"]
[PlyCount "132"]
[EventDate "2001.??.??"]
[Source "www.chesslib.no"]
[SourceDate "2004.05.04"]

1. b3 d6 2. Bb2 f5 3. f4 Nh6 4. Nf3 Nc6 5. e3 Nf7 6. Bb5 Bd7 7. O-O e6 8. d3 Rg8 9. e4 fxe4 10. dxe4 Qe7 11. Nc3 O-O-O 12. Qd2 g6 13. Ne2 d5 14. exd5 Qc5+ 15. Ned4 Nxd4 16. Bxd7+ Rxd7 17. Bxd4 Qxd5 18. Qe2 Bh6 19. c4 Qc6 20. Be5 Qc5+ 21. Kh1 Rgd8 22. Bf6 Re8 23. Be5 Nxe5 24. Nxe5 Rd4 25. Qe3 Bxf4 26. Nd3 Bxe3 27. Nxc5 b6 28. Rae1 Rf4 29. Rxf4 Bxf4 30. g3 Bxg3 31. Rxe6 Rxe6 32. Nxe6 Bh4 33. Kg2 Be7 34. Kf3 Kd7 35. Nd4 Bf6 36. Nc2 Ke6 37. Ke4 Be5 38. h3 Bc3 39. Na3 c6 40. Nc2 Kd6 41. Kd3 Bf6 42. Ke4 Kc5 43. Kd3 a5 44. a3 a4 45. bxa4 Bb2 46. Ne3 Bxa3 47. Kc3 Bb4+ 48. Kd3 Be1 49. Ng4 Bh4 50. Ne5 Bd8 51. Ng4 Bc7 52. Nf6 h5 53. Nd7+ Kd6 54. Nf6 Ke5 55. Nd7+ Ke6 56. Nf8+ Kf7 57. Nh7 Bd8 58. c5 Kg7 59. cxb6 Kxh7 60. a5 g5 61. Kc4 g4 62. hxg4 h4 63. Kc5 h3 64. a6 h2 65. a7 h1=Q 66. a8=Q Qd5+ 0-1

[Event "Kastav"]
[Site "Kastav"]
[Date "1999.04.29"]
[Round "8"]
[White "Lovric, Branko"]
[Black "Ljubicic, Filip"]
[Result "0-1"]
[WhiteElo "2316"]
[BlackElo "2396"]
[PlyCount "36"]
[EventDate "1999.04.??"]
[Source "ChessBase"]
[SourceDate "1999.07.10"]

1. b3 d6 2. Bb2 e5 3. d4 Nd7 4. Nf3 e4 5. Nfd2 d5 6. e3 Ngf6 7. c4 c6 8. Be2 Bd6 9. Ba3 Bxa3 10. Nxa3 O-O 11. Nc2 Re8 12. c5 Nf8 13. b4 N6d7 14. Nb3 Qg5 15. g3 Nf6 16. h3 h5 17. a4 Qf5 18. Qb1 N8h7 0-1

[Event "Energy Cup"]
[Site "?"]
[Date "1998.08.12"]
[Round "5"]
[White "Krajnak Martin"]
[Black "Orsag Milan"]
[Result "1-0"]
[WhiteElo "2305"]
[BlackElo "2405"]
[PlyCount "75"]
[EventDate "1998.??.??"]
[Source "www.chesslib.no"]
[SourceDate "2004.05.04"]

1. b3 d6 2. Bb2 Bg4 3. d4 d5 4. Nd2 Nf6 5. f3 Bf5 6. e3 e6 7. Bd3 Nbd7 8. Ne2 Bxd3 9. cxd3 c5 10. O-O Bd6 11. e4 cxd4 12. Bxd4 O-O 13. Bf2 Qc7 14. Kh1 Qa5 15. d4 dxe4 16. fxe4 Bb4 17. Nc4 Qh5 18. Ng3 Qg6 19. Qf3 Rac8 20. a4 b6 21. Rad1 a6 22. Rd3 b5 23. axb5 axb5 24. Ne3 Rfd8 25. Rfd1 h6 26. Qf4 Nb6 27. d5 exd5 28. Nef5 Nbd7 29. e5 Ng4 30. Rxd5 Qg5 31. Qxg5 hxg5 32. Bb6 g6 33. Nh6+ Nxh6 34. Bxd8 Nf8 35. Bxg5 Ng4 36. Ne4 Ne6 37. Nf6+ Nxf6 38. Bxf6 1-0

[Event "Eikrem Memorial"]
[Site "?"]
[Date "1998.08.05"]
[Round "5"]
[White "Gretarsson Helgi Ass"]
[Black "Engelbert Christoph"]
[Result "1-0"]
[WhiteElo "2480"]
[BlackElo "2230"]
[PlyCount "69"]
[EventDate "1998.??.??"]
[Source "www.chesslib.no"]
[SourceDate "2004.05.04"]

1. b3 d6 2. Bb2 e5 3. e3 Nf6 4. g3 Be7 5. Bg2 O-O 6. Ne2 Nc6 7. d4 exd4 8. Nxd4 Bd7 9. Nc3 Qc8 10. h3 Nxd4 11. Qxd4 Bc6 12. e4 Ne8 13. O-O Bf6 14. Qd2 Bxc3 15. Qxc3 f5 16. Qc4+ Rf7 17. e5 Bxg2 18. Kxg2 dxe5 19. Bxe5 c6 20. Rfe1 Nc7 21. Rad1 Nd5 22. Qd4 Nb6 23. c4 Nd7 24. Bd6 Nf6 25. Re7 Ne4 26. Rxf7 Kxf7 27. Be5 Nf6 28. Bxf6 gxf6 29. Qd7+ Kg6 30. Qe7 Qe8 31. Qxb7 Qe4+ 32. Kg1 Rg8 33. Qxa7 f4 34. Qd4 Qe2 35. Qd3+ 1-0

[Event "It Open"]
[Site "It Open Budapest"]
[Date "1995.??.??"]
[Round "?"]
[White "Cicak, Slavko"]
[Black "Gonzalez Garcia, Jose"]
[Result "1/2-1/2"]
[WhiteElo "2350"]
[BlackElo "2360"]
[PlyCount "125"]
[EventDate "1995.??.??"]
[Source "www.chesslib.no"]
[SourceDate "2004.05.04"]

1. b3 g6 2. Bb2 Nf6 3. Bxf6 exf6 4. c4 b6 5. Nf3 Bb7 6. e3 Bg7 7. Nc3 O-O 8. Be2 f5 9. Rc1 d6 10. O-O Nd7 11. Ne1 Re8 12. g3 Nf6 13. d3 d5 14. Bf3 c5 15. Ng2 Qd7 16. Nf4 dxc4 17. Bxb7 Qxb7 18. bxc4 Rad8 19. a4 Ng4 20. Ncd5 Qc6 21. Ne2 Ne5 22. Nec3 Qd7 23. a5 bxa5 24. Ra1 Nc6 25. Nb5 Nb4 26. Nbc7 Nxd5 27. Nxd5 Bxa1 28. Qxa1 Re6 29. Qxa5 Rc8 30. Rb1 a6 31. Qc3 Qd6 32. Rb6 Rc6 33. Rb7 Qe5 34. Qxe5 Rxe5 35. Ne7+ Rxe7 36. Rxe7 Rd6 37. d4 cxd4 38. c5 Rd8 39. Kf1 dxe3 40. Rxe3 Rc8 41. Rc3 Kf8 42. Ke2 Ke7 43. Kd3 Rd8+ 44. Ke3 Kd7 45. Ra3 Re8+ 46. Kf3 Re6 47. h4 Rc6 48. Kf4 Ke6 49. Kg5 Kd5 50. Kh6 Kxc5 51. Kxh7 Kb4 52. Ra1 a5 53. Rb1+ Kc4 54. Kg7 a4 55. Kxf7 a3 56. Rc1+ Kd5 57. Ra1 Ra6 58. f3 Kd4 59. g4 f4 60. h5 gxh5 61. gxh5 Ke3 62. Kg7 Ra7+ 63. Kg6 1/2-1/2

[Event "JUG Ch sf"]
[Site "Nis YUG"]
[Date "1995.??.??"]
[Round "?"]
[White "Lekic, Dusan"]
[Black "Vujadinovic, Goran"]
[Result "1-0"]
[WhiteElo "2370"]
[BlackElo "2340"]
[PlyCount "81"]
[EventDate "1995.??.??"]
[Source "www.chesslib.no"]
[SourceDate "2004.05.04"]

1. b3 g6 2. Bb2 Nf6 3. g3 Bg7 4. Bg2 O-O 5. c4 d6 6. Nc3 e5 7. e3 c6 8. Nge2 Re8 9. d3 Na6 10. O-O Nc7 11. Qd2 d5 12. cxd5 cxd5 13. Rac1 Bf5 14. Rc2 Qd7 15. Rfc1 Rac8 16. Nd1 b6 17. f3 h5 18. Nf2 Nh7 19. f4 exf4 20. Nxf4 Bxb2 21. Rxb2 d4 22. e4 Be6 23. Rbc2 Nb5 24. Nxe6 Rxc2 25. Rxc2 Qxe6 26. Bh3 Qd6 27. Nd1 Re5 28. a4 Ng5 29. Bg2 Nc7 30. Nb2 Rc5 31. Nc4 Qd8 32. Qf2 Nce6 33. b4 Rc7 34. h4 Nh7 35. e5 Qe7 36. Nd6 Rxc2 37. Qxc2 Nhf8 38. Bd5 Kg7 39. Qc8 Nc7 40. Qxc7 Qxe5 41. Qxf7+ 1-0

[Event "Netanya"]
[Site "?"]
[Date "1977.05.23"]
[Round "1"]
[White "Schneider Lars Ake"]
[Black "Wolf Dan"]
[Result "1-0"]
[WhiteElo "2375"]
[BlackElo "2335"]
[PlyCount "81"]
[EventDate "1977.??.??"]
[Source "www.chesslib.no"]
[SourceDate "2004.05.04"]

1. b3 d6 2. Bb2 e5 3. c4 f5 4. d4 e4 5. e3 Nf6 6. Ne2 Be7 7. Nbc3 O-O 8. Nf4 c6 9. h4 Na6 10. Be2 Nc7 11. d5 Nd7 12. Qd2 Ne5 13. dxc6 bxc6 14. c5 Nd3+ 15. Nxd3 exd3 16. cxd6 dxe2 17. Ba3 Bxh4 18. g3 Bxg3 19. fxg3 Qg5 20. dxc7 Qxg3+ 21. Kxe2 Ba6+ 22. Kd1 Rfe8 23. Kc2 Qxc7 24. Rag1 Rad8 25. Qf2 Bd3+ 26. Kb2 Qe5 27. Qh4 f4 28. Qxf4 Qxe3 29. Qxe3 Rxe3 30. Bc5 Rf3 31. Bxa7 Rd7 32. Bc5 Rf5 33. b4 g6 34. Rd1 Rf3 35. Rd2 Bf5 36. Rxd7 Bxd7 37. Ne4 h5 38. Rd1 Bf5 39. Rd8+ Kg7 40. Ng5 Rd3 41. Bd4+ 1-0

[Event "Europa ch 2008"]
[Site "Plovdiv BUL"]
[Date "2008.04.22"]
[Round "2.136"]
[White "Medancic, Rikard"]
[Black "Sanikidze, Tornike"]
[Result "0-1"]
[WhiteElo "2247"]
[BlackElo "2458"]
[PlyCount "58"]
[EventDate "2008.04.21"]
[Source "www.chesslib.no"]
[SourceDate "2004.05.04"]

1. b3 d6 2. Bb2 Nd7 3. e4 Ngf6 4. Nc3 g6 5. d4 Bg7 6. Nf3 O-O 7. Be2 c5 8. Qd2 a6 9. a4 b6 10. O-O Bb7 11. Qe3 Rc8 12. d5 Re8 13. Rad1 Qc7 14. Bc4 Ng4 15. Qc1 Nge5 16. Nxe5 Nxe5 17. Be2 e6 18. f4 Nd7 19. Bc4 Bd4+ 20. Kh1 Nf6 21. dxe6 fxe6 22. e5 Qc6 23. Qd2 Bxc3 24. Qe2 Bxb2 25. Rxd6 Qc7 26. Rxe6 Nd5 27. f5 Rxe6 28. fxe6 Qxe5 29. Qf2 Qxe6 0-1

[Event "VIII Int Rapid"]
[Site "El Sauzal ESP"]
[Date "2007.11.03"]
[Round "3"]
[White "Garcia de la Banda, F."]
[Black "Movsziszian, K."]
[Result "0-1"]
[WhiteElo "2174"]
[BlackElo "2531"]
[PlyCount "40"]
[EventDate "2007.11.03"]
[Source "www.chesslib.no"]
[SourceDate "2004.05.04"]

1. b3 d6 2. Bb2 e5 3. e3 Nf6 4. d4 Nbd7 5. c4 c6 6. dxe5 dxe5 7. Nf3 e4 8. Nd4 Ne5 9. Nc3 Bg4 10. f3 exf3 11. gxf3 Nxf3+ 12. Kf2 Ng5 13. Qc2 Bc5 14. Re1 O-O 15. Nf5 Qd7 16. Bd3 Rad8 17. h3 Nxh3+ 18. Rxh3 Qxd3 19. Qxd3 Rxd3 20. Rf3 Rxc3 0-1

[Event "Los Angeles CA"]
[Site "?"]
[Date "1997.11.27"]
[Round "1.4"]
[White "Lee Jack"]
[Black "Gufeld Eduard"]
[Result "0-1"]
[WhiteElo "2149"]
[BlackElo "2543"]
[PlyCount "102"]
[EventDate "1997.??.??"]
[Source "www.chesslib.no"]
[SourceDate "2004.05.04"]

1. b3 g6 2. Bb2 Nf6 3. e4 d6 4. g3 Bg7 5. Bg2 O-O 6. Ne2 c5 7. O-O Nc6 8. c4 Bd7 9. d3 a6 10. Nbc3 Rb8 11. Qd2 b5 12. h3 Qa5 13. Rad1 Ne8 14. Ba1 Nc7 15. Nd5 Qxd2 16. Rxd2 Ne6 17. Bxg7 Kxg7 18. f4 f5 19. g4 fxe4 20. Bxe4 Rf7 21. Ng3 Ned4 22. Rdf2 bxc4 23. dxc4 a5 24. Nc3 Rbf8 25. Kg2 Nb4 26. Nge2 Nxe2 27. Nxe2 Nxa2 28. Ra1 Nb4 29. Rxa5 Bc6 30. Bxc6 Nxc6 31. Ra6 Nb4 32. Ra7 Rb8 33. Rf3 e6 34. Rxf7+ Kxf7 35. Kg3 Ra8 36. Nc3 Nc2 37. Ne4 Ke7 38. Rd3 Ra6 39. Ng5 h6 40. Ne4 Rb6 41. Nd2 Nd4 42. Kf2 Rb8 43. Re3 Ra8 44. Rd3 Rf8 45. Ke3 Nc2+ 46. Ke4 Nb4 47. Rf3 d5+ 48. cxd5 exd5+ 49. Ke5 Rd8 50. f5 g5 51. f6+ Kf7 0-1

[Event "Birseck"]
[Site "Birseck"]
[Date "1971.??.??"]
[Round "4"]
[White "Wade, Robert G"]
[Black "Dueckstein, Andreas"]
[Result "0-1"]
[WhiteElo "2310"]
[BlackElo "2380"]
[PlyCount "74"]
[EventDate "1971.10.02"]
[Source "www.chesslib.no"]
[SourceDate "2004.05.04"]

1. c4 e5 2. b3 Nc6 3. Bb2 Nf6 4. Nc3 Bc5 5. g3 O-O 6. Bg2 d6 7. Nf3 e4 8. Ng5 Bxf2+ 9. Kxf2 Ng4+ 10. Kg1 Qxg5 11. Nxe4 Qg6 12. h3 Bf5 13. Nc3 Nf6 14. g4 Bd7 15. Nd5 Nxd5 16. cxd5 Ne7 17. e4 c6 18. dxc6 Bxc6 19. Rh2 Rfe8 20. d3 d5 21. Qd2 Rad8 22. Qc3 dxe4 23. dxe4 Bb5 24. Bf1 Bxf1 25. Rxf1 Nc6 26. Rhf2 Rd7 27. b4 h6 28. b5 Nd4 29. Qc4 Ne6 30. b6 Ng5 31. Kh2 Nxe4 32. bxa7 Nxf2 33. Rxf2 Qb6 34. Re2 Qc7+ 35. Qxc7 Rxe2+ 36. Kg3 Rd3+ 37. Kf4 g5+ 0-1

[Event "Quebec Open"]
[Site "?"]
[Date "2000.07.23"]
[Round "2"]
[White "Duong Thanh Nha"]
[Black "Goldenberg Danny"]
[Result "1-0"]
[WhiteElo "2380"]
[BlackElo "2310"]
[PlyCount "87"]
[EventDate "2000.??.??"]
[Source "www.chesslib.no"]
[SourceDate "2004.05.04"]

1. b3 g6 2. Bb2 Nf6 3. Bxf6 exf6 4. d4 f5 5. e3 Bg7 6. Ne2 b6 7. Nf4 Bb7 8. Be2 O-O 9. Bf3 Be4 10. O-O c5 11. c3 cxd4 12. cxd4 Nc6 13. Nd2 Re8 14. Rc1 Bf8 15. d5 Bxf3 16. Nxf3 Ne5 17. Nxe5 Rxe5 18. Qd3 Bd6 19. Rc4 Qb8 20. h4 Qb7 21. Rfc1 Rae8 22. g3 h6 23. a4 Kh7 24. Rd1 a5 25. Kh2 g5 26. hxg5 hxg5 27. Ne2 Kg6 28. Nc3 Qb8 29. Kg2 Bc5 30. Re1 Qd6 31. Re2 Kg7 32. Re1 Qh6 33. Rh1 Qf6 34. Nd1 Qd6 35. Nc3 Bxe3 36. Nb5 Qb8 37. Nc7 Bc5 38. Nxe8+ Qxe8 39. Rc2 Re4 40. Qf3 Qe5 41. Qh5 f4 42. Qh8+ Kg6 43. Qh6+ Kf5 44. g4+ 1-0